Marvel comics characters Alter-egos - Statistics

General Stats
  • This quiz has been taken 693 times
  • The average score is 29 of 113
Answer Stats
Hint Answer % Correct
Tony Stark Iron Man
90%
Peter Parker Spiderman
90%
Miles Morales Spider-Man
90%
Thor Odinson Thor
86%
Clint Barton Hawkeye
83%
Wanda Maximoff Scarlet Witch
83%
Stephen Strange Dr. Strange
81%
Steve Rogers Captain America
78%
Charles Xavier Professor X
78%
Natasha Romanoff Black Widow
77%
Pietro Maximoff Quicksilver
74%
Monica Rembeau Captain Marvel
66%
Erik Lehnsherr Magneto
66%
James Howlett Wolverine
62%
Robert Bruce Banner The Hulk
60%
James Rhodes War Machine
59%
Janet Van Dyne Wasp
59%
Matt Murdock Daredevil
58%
Wade Wilson Deadpool
57%
Benjamin Grimm The Thing
54%
Samuel Thomas Wilson Falcon
52%
Carol Danvers | Kamala Khan Ms. Marvel
52%
Henry McCoy Beast
50%
Susan Richards Invisible Woman
49%
Daniel Rand Iron Fist
47%
Jessica Drew Spiderwoman
45%
Thaddeus Ross Red Hulk
44%
Jennifer Walters She-Hulk
43%
Eric O'Grady Ant-Man
40%
Reed Richards Mister Fantastic
40%
Namor McKenzie Namor
39%
Marc Spector Moon Knight
37%
Richard Rider Nova
31%
Flint Marko Sandman
31%
Nee Munroe Storm
30%
Alex Summer Havok
29%
Jim Hammond Human Torch
28%
Anna Marie Rogue
28%
Mark Lucas Luke Cage
27%
Victor Creed Sabretooth
26%
Nathan Summers Cable
24%
Brian Braddock Captain Britain
24%
Daisy Johnson Quake
24%
Eugene Thompson Venom
24%
Sharon Carter Agent 13
23%
Bobbi Morse Mockingbird
23%
Brunnhilde Valkyrie
22%
Luke Charles Black Panther
21%
Dane Whitman Black Knight
20%
Victor Shade Vision
19%
Crystal Maximoff Crystal
17%
Jessica Jones Jewel
17%
Roberto da Costa Sunspot
17%
Simon Williams Wonder Man
17%
Cassandra Lang Stature
16%
John Frank Walker U.S Agent
16%
Sam Guthrie Cannonball
15%
Eros Starfox
15%
Maya Lopez Echo
14%
Patricia Walker Hellcat
14%
Victor Alvarez Power Man
13%
Doreen Green Squirrel Girl
12%
Jacques Duquesne Swordsman
12%
Robert Reynolds Sentry
11%
Shiro Yoshida Sunfire
11%
Jack Hart Jack of Hearts
10%
Greer Grant Nelson Tigra
10%
Ava Ayala White Tiger
10%
William Kaplan Wiccan
10%
Angelica Jones Firestar
8%
Wendell Elvis Vaughn Quasar
8%
Circe Sersi
8%
Heather Douglas Moondragon
7%
Jericho Drumm Doctor Voodoo
6%
Rita DeMara Yellowjacket
6%
Harry Cleese Hercules
5%
Noh-Varr Protector
5%
Jane Foster Thor girl
5%
Eric Masterson Thunderstrike
5%
Adam Brashear Blue Marvel
4%
Dennis Dunphy Demolition Man
4%
Marcus Milton Hyperion
4%
Vance Astrovik Justice
4%
Aaron Stack Machine Man
4%
Melissa Gold Songbird
4%
Julia Carpenter Arachne
3%
John Aaron Ares
3%
Tamara Devoux Captain Universe
3%
Christopher Powell Darkhawk
3%
Bonita Juarez Firebird
3%
Miguel Santos Living Lightning
3%
Eden Fesi Manifold
3%
Elvin Daryl Haliday Rage
3%
Walter Newell Stingray
3%
Gilgamesh The Forgotten One
3%
Dr. Anthony Ludgate Doctor Druid
2%
Kelsey Lee Shorr Lionheart
2%
Eric Brooks Ronin
2%
Maria de Guadelupe Santiago Silverclaw
2%
Isabel Kane Smasher
2%
Kevin Connor Star Brand
2%
Matthew J. Hawk Two-Gun Kid
2%
Sharra Neramani Deathcry
1%
Dennis Sykes Flux
1%
Whitney Frost Masque
1%
Adam Blackveil Nightmask
1%
Aikku Jokinen Pod
1%
Maximilian Quincy Coleridge Shroud
1%
Emily guerrero Synapse
1%
Delroy Garrett Triathlon
1%
Michaud Validator
1%
Robert L. Frank Sr. Whizzer
1%
No matching quizzes found
Score Distribution
Percent of People with Each Score
Percentile by Number Answered
Your Score History
You have not taken this quiz